| 000 | 00963cam a2200349 4500 | ||
|---|---|---|---|
| 008 | 090401t1993 xxu||||| |||| 00| 0 eng d | ||
| 020 | _a0333601629 | ||
| 020 | _a0333693337 | ||
| 035 | _a(Sirsi) u52635 | ||
| 041 | _aeng | ||
| 050 | _a332.6324 | ||
| 100 | _aFraser, W.D. | ||
| 245 | _aPrinciples of property investment and pricing. | ||
| 250 | _a2nd ed. | ||
| 260 |
_aBasingstoke _bMacMillan _c1993 |
||
| 300 | _axviii,393p. ; 24cm. | ||
| 350 | _a25 | ||
| 490 | _aMacmillan Building and Surveying Series | ||
| 650 | _aPROPERTY-COMMERCIAL PROPERTY | ||
| 650 | _aPRICES | ||
| 650 | _aPROPERTY BOOM | ||
| 650 | _aPROPERTY CYCLE | ||
| 650 | _aPROPERTY DEVELOPMENT | ||
| 650 | _aPROPERTY FINANCE | ||
| 650 | _aPROPERTY INVESTMENT | ||
| 650 | _aPROPERTY MARKET | ||
| 650 | _aRENTAL VALUES | ||
| 650 | _aYIELDS | ||
| 690 | _aPROPERTY-COMMERCIAL PROPERTY-COMMERCIAL PROPERTY FINANCE AND INVESTMENT | ||
| 942 | _n0 | ||
| 948 | _c04/03/1997 | ||
| 999 |
_c93126 _d93126 |
||